000 00333 a2200157 4500
001 65680
020 _a9788516097165
040 _cAnchieta - Pituba
100 _aKanashiro, Aurea Regina
240 1 0 _aLiteratura
_lpor
245 1 0 _aLiteratura
300 _a48
362 0 _a2015
650 4 _aLiteratura brasileira
942 _cBK
999 _c65680
_d65680